000 00271nam a2200121Ia 4500
008 190216s9999||||xx |||||||||||||| ||und||
100 _aRaghavan M
245 0 _aIniyumethra Katham
260 _bPoorna Pubs Kozhikode
300 _a80
650 _aKathakal
942 _cBK
999 _c28386
_d28386